[Event "Hessen-ch U10"]
[Site "Bad Homburg"]
[Date "2013.??.??"]
[Round "7"]
[White "Kesici, Noyan"]
[Black "Baladjaev, Leyla"]
[Result "0-1"]
[WhiteElo "847"]
[BlackElo "1147"]
[PlyCount "74"]
[EventDate "2013.03.??"]
[EventType "swiss"]
[EventRounds "9"]
[EventCountry "GER"]
[SourceTitle "EXT 2014"]
[Source "ChessBase"]
[SourceDate "2013.11.20"]
[SourceVersion "1"]
[SourceVersionDate "2013.11.20"]
[SourceQuality "1"]

1. e4 c5 2. a4 Nc6 3. Bc4 e5 4. Qf3 Nf6 5. g4 d5 6. exd5 e4 7. Qc3 Bxg4 8. dxc6 bxc6 9. Qb3 Bh5 10. d3 Qe7 11. dxe4 Qxe4+ 12. Be3 Qxh1 13. f4 Qxh2 14. Qb7 Rd8 15. Qxc6+ Nd7 16. Qe4+ Be7 17. Nd2 0-0 18. Ndf3 Bh4+ 19. Nxh4 Qxh4+ 20. Bf2 Rfe8 21. Bxh4 Rxe4+ 22. Kf1 Rxf4+ 23. Ke1 Re8+ 24. Kd2 Rxc4 25. b3 Rxh4 26. Kc3 Rh2 27. Kb2 Bg6 28. Nf3 Rxc2+ 29. Ka3 Re3 30. Rb1 Rcc3 31. Nd2 Bxb1 32. Nxb1 Rxb3+ 33. Ka2 c4 34. Nd2 Re2 35. Ka1 Rxd2 36. a5 Re3 37. a6 Re1# 0-1

[Event "Hessen-ch U10"]
[Site "Bad Homburg"]
[Date "2013.??.??"]
[Round "2"]
[White "Kesici, Noyan"]
[Black "Schwarz, Daniel"]
[Result "0-1"]
[WhiteElo "847"]
[BlackElo "1089"]
[PlyCount "75"]
[EventDate "2013.03.??"]
[EventType "swiss"]
[EventRounds "9"]
[EventCountry "GER"]
[SourceTitle "EXT 2014"]
[Source "ChessBase"]
[SourceDate "2013.11.20"]
[SourceVersion "1"]
[SourceVersionDate "2013.11.20"]
[SourceQuality "1"]

1. e4 e5 2. Nf3 Nc6 3. Nc3 Nf6 4. Bc4 Bc5 5. d3 h6 6. Nd5 d6 7. Nxf6+ Qxf6 8. 0-0 Bg4 9. h3 Bxf3 10. Qxf3 Qxf3 11. gxf3 Nd4 12. Kg2 Nxc2 13. Rb1 Nd4 14. b4 Bb6 15. a4 a6 16. a5 Ba7 17. Be3 Rf8 18. b5 axb5 19. Bxb5+ c6 20. Bc4 Bc5 21. Bd2 Rb8 22. a6 b5 23. Bb3 Nxb3 24. Rxb3 f5 25. Be3 Bxe3 26. fxe3 fxe4 27. dxe4 Rf7 28. Rc3 Rc7 29. Ra3 Ra8 30. Rd1 Kd7 31. Rda1 Rca7 32. Kf2 Kc7 33. Ke2 Kb6 34. Kd3 Rxa6 35. Rxa6+ Rxa6 36. Rg1 Ra7 37. Kc3 Kc5 38. Rc1 0-1